Statistics for RuPaul's Drag Race Quiz

Click here to take the quiz!

General Stats

  • This quiz has been taken 1,346 times
  • The average score is 8 of 11

Answer Stats

QuestionAnswer% Correct
Which season of All Stars has the most Miss Congeniality winners?1
95%
Which queen on season 8 is known for her impersonation of Britney Spears?Derrick Barry
89%
Which queen on season 9 said that Valentina should not be Miss Congeniality?Aja
86%
Which queen has been the only one to have walked the runway on stilts?Ivy Winters
77%
Which queen had to lip sync for their life the most times on season 5?Coco Montrese
74%
Who was the winner of the very first challenge?Nina Flowers
74%
Which queen on season 4 was known for her loud and over the top impersonation of Beyoncé on the Snatch Game?Kenya Michaels
70%
And what did she say that the title should be changed to? ^Fan Favorite
69%
Who did Yara Sofia impersonate on the Snatch Game in season 3?Amy Winehouse
56%
Which queen on season 8 is the drag mother of Violet Chachki?Dax ExclamationPoint
54%
Which main challenge was said by Ru to be one of the biggest train wrecks for one of the teams?ShakesQueer
52%

Score Distribution

Percentile by Number Answered

Percent of People with Each Score

Your Score History

You have not taken this quiz